000 00984nam a2200277 a 4500
005 20260322212048.0
008 data
010 _a 82017039
020 _a0398047820
020 _a9780398047825
040 _aDLC
_cDLC
_dOCoLC
_dOCoLC
050 0 0 _aHQ1061
_b.D26 1983
096 _aWT 100 H675d 1970
130 0 _aDaily needs and interests of older people.
245 1 0 _aHoffman's Daily needs and interests of older people.
_cedited by Adeline Mildred Hoffman, Woodrow Wilbert Morris & Iva M. Bader.
250 _a2nd ed. /
_bedited by Woodrow W. Morris and Iva M. Bader ; with a foreword by Sara C. Wolfson.
260 _aSpringfield, Ill. :
_bThomas,
_c1983.
300 _axviii, 293 p. :
_bill. ;
_c24 cm.
504 _aIncludes bibliographical references and index.
590 _aIncludes bibliographies and index.
650 0 _aGerontology.
700 1 _aHoffman, Adeline Mildred.
700 1 _aMorris, Woodrow Wilbert,
_d1913-
700 1 _aBader, Iva M.
001 data
999 _c1143
_d1143